10 Largest Cities in Austria - Statistics

General Stats
  • This quiz has been taken 51 times
  • The average score is 6 of 10
Answer Stats
Population Answer % Correct
2.006.134 Vienna
100%
157.400 Salzburg
98%
302.660 Graz
91%
132.174 Innsbruck
86%
212.001 Linz
74%
104.862 Klagenfurt
51%
65.651 Villach
37%
58.864 St. Pölten
33%
65.303 Wels
21%
51.871 Dornbirn
9%
No matching quizzes found
Score Distribution
Percent of People with Each Score
Percentile by Number Answered
Your Score History
You have not taken this quiz